| 000 | 01209nam a2200265 a 4500 | ||
|---|---|---|---|
| 003 | OSt | ||
| 005 | 20240222114159.0 | ||
| 007 | cr ||||||a|c|a | ||
| 008 | 231124s2019 mx a|||fom||| 001 0 spa d | ||
| 040 | _erda | ||
| 100 | 1 |
_9188301 _aAlbores Rivero, Julio Ernesto |
|
| 245 | 1 | 0 |
_aAlternativas organicas para el control pseudomonas amygdali pv lachrymans en pepino en Chapingo, Edo. de Méx. / _cpor Julio Ernesto Albores Rivero : director de tesis María de Lourdes Rodríguez Mejía. |
| 264 |
_aChapingo, México : _bEl autor, _c2019. |
||
| 300 |
_a1 recurso en línea (63 páginas). _btablas, figuras. |
||
| 336 |
_2rdacontent _atexto _btxt |
||
| 337 |
_2rdamedia _acomputadora _bc |
||
| 338 |
_2rdacarrier _arecurso en línea _bcr |
||
| 502 |
_bIAEPA _cParasitología _d2019. _gLIC |
||
| 504 | _aIncluye referencias bibliográficas: páginas 47-49. | ||
| 650 | 4 |
_9188302 _aPepino _xEnfermedades por bacterias |
|
| 650 | 4 |
_9132309 _aExtractos vegetales _xEfecto en bacterias |
|
| 700 | 0 |
_998687 _aRodríguez Mejía, María de Lourdes _eDirector de tesis. |
|
| 856 |
_uhttp://10.13.5.2/tesis/tl/Albores_Rivero_Julio_Ernesto.pdf _zDESCARGAR PDF |
||
| 942 |
_2Clasificación Universidad Autónoma Chapingo _cTD |
||
| 999 |
_c219445 _d219445 |
||